State of the countryside update (Record no. 111904)

MARC details
000 -LEADER
fixed length control field 01067cad a22001935a 4500
001 - CONTROL NUMBER
control field L152164
008 - FIXED-LENGTH DATA ELEMENTS--GENERAL INFORMATION
fixed length control field 110204s2011 xxk f 000 0 eng d
035 ## - SYSTEM CONTROL NUMBER
System control number (Sirsi) u152164
041 0# - LANGUAGE CODE
Language code of text/sound track or separate title eng
110 2# - MAIN ENTRY--CORPORATE NAME
Corporate name or jurisdiction name as entry element Commission for Rural Communities
9 (RLIN) 4993
245 00 - TITLE STATEMENT
Title State of the countryside update
Remainder of title market towns
Medium [electronic resource]
260 ## - PUBLICATION, DISTRIBUTION, ETC.
Place of publication, distribution, etc. Cheltenham
Name of publisher, distributor, etc. Commission for Rural Communities
Date of publication, distribution, etc. 2011
520 ## - SUMMARY, ETC.
Summary, etc. Highlights current issues affecting market towns. Covers a range of areas including, population, services, business health and deprivation. Key findings are that in 2009 the population living in small towns was 11.4 million or 22% of the English population and between 2001 and 2009 the population growth in small towns was 4.3% compared to 4.7% for England as a whole.
590 ## - LOCAL NOTE (RLIN)
Local note KA NTK
651 #4 - SUBJECT ADDED ENTRY--GEOGRAPHIC NAME
Geographic name England
Chronological subdivision 886-
690 ## - LOCAL SUBJECT ADDED ENTRY--TOPICAL TERM (OCLC, RLIN)
Topical term or geographic name as entry element ENVIRONMENT AND LAND CONSULTANCY-PLANNING AND DEVELOPMENT
856 40 - ELECTRONIC LOCATION AND ACCESS
Uniform Resource Identifier <a href="https://www.ruralcommunities.gov.uk/files/sotcupdate_market_towns.pdf">https://www.ruralcommunities.gov.uk/files/sotcupdate_market_towns.pdf</a>
Public note View the item free of charge at www.ruralcommunities.gov.uk
942 ## - ADDED ENTRY ELEMENTS (KOHA)
Suppress in OPAC 0
Holdings
Withdrawn status Lost status Source of classification or shelving scheme Damaged status Not for loan Home library Current library Shelving location Date acquired Total Checkouts Full call number Barcode Date last seen Copy number Price effective from Koha item type
    Dewey Decimal Classification     Virtual Virtual Online 04/02/2011   ONLINE PUBLICATION 152164-2001 06/08/2019 1 06/08/2019 Book